Ekonomika školstva

Salvato in:
Dettagli Bibliografici
Autore principale: Benčo, Jozef
Ente Autore: Vysoká škola ekonomická v Bratislave. Fakulta ekonomiky služieb a cestovného ruchu v Banskej Bystrici
Natura: Libro
Lingua:slovacco
Pubblicazione: Bratislava VŠE 1981
Tags: Aggiungi Tag
Nessun Tag, puoi essere il primo ad aggiungerne!!

MARC

LEADER 00000nam a2200000 4500
001 c141908
005 20221220101700.6
041 0 |a slo 
044 |a SK 
245 1 0 |a Ekonomika školstva  |c Jozef Benčo 
264 1 |a Bratislava  |b VŠE  |c 1981 
300 |a 146 s. 
100 1 |a Benčo, Jozef 
710 2 |a Vysoká škola ekonomická v Bratislave. Fakulta ekonomiky služieb a cestovného ruchu v Banskej Bystrici